Central Library OPAC University of Rajshahi

Human societies : (Record no. 33312)

MARC details
000 -LEADER
fixed length control field 00827nam a22002772i 4500
001 - CONTROL NUMBER
control field 33312
003 - CONTROL NUMBER IDENTIFIER
rucl marc code BD-RjUL
005 - DATE AND TIME OF LATEST TRANSACTION
control field 20211209052003.0
008 - FIXED-LENGTH DATA ELEMENTS--GENERAL INFORMATION
fixed length control field 140508s1978 nyua b 001 0 eng d
020 ## - INTERNATIONAL STANDARD BOOK NUMBER
International Standard Book Number 0070371741
035 ## - SYSTEM CONTROL NUMBER
System control number (BD-RjUL)33403
040 ## - CATALOGING SOURCE
Original cataloging agency DLC
Transcribing agency DLC
Modifying agency EQO
-- BD-RjUL
Language of cataloging eng
041 ## - LANGUAGE CODE
Language code of text/sound track or separate title eng
082 00 - DEWEY DECIMAL CLASSIFICATION NUMBER
Classification number 301
Author mark and year LEH 1978
100 1# - MAIN ENTRY--PERSONAL NAME
Personal name Lenski, Gerhard,
Dates associated with a name 1924-
9 (RLIN) 101145
245 10 - TITLE STATEMENT
Title Human societies :
Remainder of title an introduction to macrosociology /
Statement of responsibility, etc. Gerhard Lenski, Jean Lenski
250 ## - EDITION STATEMENT
Edition statement 3d ed
260 ## - PUBLICATION, DISTRIBUTION, ETC. (IMPRINT)
Place of publication, distribution, etc. New York :
Name of publisher, distributor, etc. McGraw-Hill,
Date of publication, distribution, etc. c1978
300 ## - PHYSICAL DESCRIPTION
Pagination xii, 515 p. :
Illustrations ill. ;
Size 25 cm
504 ## - BIBLIOGRAPHY, ETC. NOTE
Bibliography, etc Includes bibliographical references and indexes
650 #0 - SUBJECT ADDED ENTRY--TOPICAL TERM
Topical term or geographic name as entry element Macrosociology
9 (RLIN) 101146
Topical term or geographic name as entry element Social evolution
9 (RLIN) 6935
700 1# - ADDED ENTRY--PERSONAL NAME
Personal name Lenski, Jean.
942 ## - ADDED ENTRY ELEMENTS (KOHA)
Source of classification or shelving scheme Dewey Decimal Classification
Koha item type Books
Holdings
Lost status Source of classification or shelving scheme Damaged status Not for loan Collection code Permanent Location Current Location Shelving location Date acquired Total Checkouts Full call number Date last seen Copy number Koha item type
  Dewey Decimal Classification   Not For Loan Non-fiction Central Library, University of Rajshahi Central Library, University of Rajshahi Reading Room 17/05/1987   301 LEH 1978 07/05/2014 C-1 Books